|
|
|
|
| LEADER |
00000cas a2200000 a 4500 |
| 001 |
vtls008767785 |
| 003 |
SK-MaSNL |
| 005 |
20260228160546.0 |
| 008 |
060530d20062006xo mr|p 0 b0slo |
| 022 |
|
|
|a 1336-8664
|
| 040 |
|
|
|a SNK
|b slo
|c SNK
|d SAVUK
|e AACR2
|
| 072 |
|
7 |
|a 316.7
|x Sociológia kultúry. Kultúrny život
|2 konspekt
|
| 072 |
|
7 |
|a 316.3
|x Globálne spoločnosti. Sociálna štruktúra. Sociálne skupiny
|2 konspekt
|
| 080 |
|
|
|a 316.728
|2 2011
|
| 080 |
|
|
|a 070.489-055.2
|2 2011
|
| 080 |
|
|
|a 316.346.2-055.2
|2 2011
|
| 210 |
0 |
|
|a Ellen
|b (Senec)
|
| 222 |
|
0 |
|a Ellen
|b (Senec)
|
| 245 |
0 |
0 |
|a Ellen
|
| 260 |
|
|
|a Senec
|b Edita Sipeky
|c 2006
|
| 300 |
|
|
|a 1 zv.
|c 28 cm
|
| 310 |
|
|
|a 1x mesačne
|
| 362 |
0 |
|
|a Roč. 1, č. 6 (jún 2006)-roč. 1, č. 8 (aug. 2006)
|
| 500 |
|
|
|a Šéfredaktorka: Ľuba Zednikovičová
|
| 500 |
|
|
|a Registračné č. MK SR: 3513/2006
|
| 650 |
0 |
7 |
|a životný štýl
|2 SNKPH
|9 1704
|
| 650 |
0 |
7 |
|a ženy
|2 SNKPH
|9 4865
|
| 655 |
|
7 |
|a časopisy pre ženy
|2 SNKPH
|9 70785
|
| 700 |
1 |
|
|a Zednikovičová, Ľuba
|4 pbd
|9 266884
|
| 910 |
|
|
|a snk
|
| 910 |
|
|
|a savuk
|
| 999 |
|
|
|c 2970
|d 4900
|
| 952 |
|
|
|0 0
|1 0
|4 0
|7 0
|8 0
|a SNK
|b SNK
|d 2019-11-07
|i snk2019/28555
|l 0
|o snkČSB 7356/1/2006
|p 17A1384759
|r 2026-02-21 22:08:12
|t č. 6-8
|w 2026-02-21
|y PREZ
|
| 952 |
|
|
|0 0
|1 0
|4 0
|7 0
|8 0
|a SNK
|b SNK
|d 2019-11-07
|i snk2019/28556
|l 0
|o snkČSB 7356/1/2006 D1
|p 17A1384760
|r 2026-02-21 22:08:12
|t č. 6-8, neúplné
|w 2026-02-21
|y PREZ
|z Chýba č. 6
|